000
00252nam a2200097Ia 4500
001
1040479
005
20250826232024.0
008
250824s9999 xx 000 0 und d
245
0
_a
SELAHADDİN ŞARK’IN KARTALI
_c
ALİ EMRE
260
_b
KETEBE YAYINLARI
999
_c
1040479
_d
1040479